Youcat English : (Record no. 129826)
[ view plain ]
| 000 -LEADER | |
|---|---|
| fixed length control field | 01425cam a22003497a 4500 |
| 001 - CONTROL NUMBER | |
| control field | 16300691 |
| 003 - CONTROL NUMBER IDENTIFIER | |
| control field | ARRUPE |
| 005 - DATE AND TIME OF LATEST TRANSACTION | |
| control field | 20190910104035.0 |
| 008 - FIXED-LENGTH DATA ELEMENTS--GENERAL INFORMATION | |
| fixed length control field | 100624s2011 caua 001 0 eng d |
| 010 ## - LIBRARY OF CONGRESS CONTROL NUMBER | |
| LC control number | 2010931314 |
| 020 ## - INTERNATIONAL STANDARD BOOK NUMBER | |
| International Standard Book Number | 9781586175160 (pbk) |
| 035 ## - SYSTEM CONTROL NUMBER | |
| System control number | (OCoLC)ocn671704346 |
| 040 ## - CATALOGING SOURCE | |
| Original cataloging agency | BTCTA |
| Language of cataloging | eng |
| Transcribing agency | BTCTA |
| Modifying agency | YDXCP |
| -- | HFC |
| -- | PRK |
| -- | DLC |
| 041 1# - LANGUAGE CODE | |
| Language code of text/sound track or separate title | eng |
| Language code of original and/or intermediate translations of text | ger |
| 042 ## - AUTHENTICATION CODE | |
| Authentication code | lccopycat |
| 050 00 - LIBRARY OF CONGRESS CALL NUMBER | |
| Classification number | BX1961 |
| Item number | .B463 2011 |
| 082 00 - DEWEY DECIMAL CLASSIFICATION NUMBER | |
| Classification number | 238/.2 |
| Edition number | 23 |
| 300 ## - PHYSICAL DESCRIPTION | |
| Other physical details | ill. (mostly col.) ; |
| Dimensions | 21 cm. |
| 130 0# - MAIN ENTRY--UNIFORM TITLE | |
| Uniform title | YouCat Deutsch : Jugendkatechismus der katholischen Kirche. |
| Language of a work | English. |
| 9 (RLIN) | 48109 |
| 245 10 - TITLE STATEMENT | |
| Title | Youcat English : |
| Remainder of title | youth catechism of the Catholic Church / |
| Statement of responsibility, etc | translated by Michael J. Miller ; with a foreword by Pope Benedict XVI. |
| 246 30 - VARYING FORM OF TITLE | |
| Title proper/short title | Youcat |
| 246 30 - VARYING FORM OF TITLE | |
| Title proper/short title | Youth catechism of the Catholic Church |
| 260 ## - PUBLICATION, DISTRIBUTION, ETC. (IMPRINT) | |
| Place of publication, distribution, etc | San Francisco, Calif. : |
| Name of publisher, distributor, etc | Ignatius Press, |
| Date of publication, distribution, etc | c2011. |
| 300 ## - PHYSICAL DESCRIPTION | |
| Extent | 303 p. : |
| 500 ## - GENERAL NOTE | |
| General note | Original German edition published in Munich, Germany by Pattloch Verlag, c2010. |
| 500 ## - GENERAL NOTE | |
| General note | Includes index. |
| 610 20 - SUBJECT ADDED ENTRY--CORPORATE NAME | |
| Corporate name or jurisdiction name as entry element | Catholic Church |
| Form subdivision | Catechisms. |
| 9 (RLIN) | 48110 |
| 610 20 - SUBJECT ADDED ENTRY--CORPORATE NAME | |
| Corporate name or jurisdiction name as entry element | Catholic Church |
| Form subdivision | Catechisms |
| -- | Juvenile literature. |
| 9 (RLIN) | 48111 |
| 700 1# - ADDED ENTRY--PERSONAL NAME | |
| Personal name | Miller, Michael J. |
| 9 (RLIN) | 48112 |
| 700 0# - ADDED ENTRY--PERSONAL NAME | |
| Personal name | Benedict |
| Numeration | XVI, |
| Titles and other words associated with a name | Pope, |
| Dates associated with a name | 1927- |
| 9 (RLIN) | 48113 |
| 906 ## - LOCAL DATA ELEMENT F, LDF (RLIN) | |
| a | 7 |
| b | cbc |
| c | copycat |
| d | 2 |
| e | ncip |
| f | 20 |
| g | y-gencatlg |
| 942 ## - ADDED ENTRY ELEMENTS (KOHA) | |
| Source of classification or shelving scheme | Library of Congress Classification |
| Koha item type | Monograph ( Printed materials) |
| Withdrawn status | Lost status | Source of classification or shelving scheme | Damaged status | Not for loan | Collection code | Home library | Current library | Shelving location | Date acquired | Total Checkouts | Full call number | Barcode | Checked out | Date last seen | Date checked out | Price effective from | Koha item type |
|---|---|---|---|---|---|---|---|---|---|---|---|---|---|---|---|---|---|
| Library of Congress Classification | Main Collection | ARRUPE LIBRARY | ARRUPE LIBRARY | Main Collection | 10/09/2019 | 2 | BX1961 .B463 2011 | 46600005484 | 26/11/2021 | 27/10/2021 | 27/10/2021 | 10/09/2019 | Monograph ( Printed materials) |